Statistics for 2022 World Cup squads pt. 1

Click here to take the quiz!

General Stats

  • This quiz has been taken 23 times
    (18 since last reset)
  • The average score is 145 of 415

Answer Stats

ClubPositionPlayer% Correct
ArsenalGKAaron Ramsdale
100%
Brighton & Hove AlbionMFAlexis Mac Allister
100%
JuventusFWÁngel Di María
100%
ArsenalFWBukayo Saka
100%
West Ham UnitedMFDeclan Rice
100%
ChelseaGKÉdouard Mendy
100%
AjaxDFEdson Álvarez
100%
Aston VillaGKEmi Martínez
100%
Tottenham HotspurDFEric Dier
100%
AmiensDFFormose Mendy
100%
VillarealGKGerónimo Rulli
100%
SevillaDFGonzalo Montiel
100%
Tottenham HotspurFWHarry Kane
100%
Manchester UnitedDFHarry Maguire
100%
AméricaFWHenry Martín
100%
Manchester CityFWJack Grealish
100%
Manchester CityDFJohn Stones
100%
LiverpoolMFJordan Henderson
100%
EvertonGKJordan Pickford
100%
VillarealDFJuan Foyth
100%
Borussia DortmundMFJude Bellingham
100%
Manchester CityFWJulián Álvarez
100%
PachucaDFKevin Álvarez
100%
Newcastle UnitedDFKieran Trippier
100%
Manchester CityDFKyle Walker
100%
InternazionaleFWLautaro Martínez
100%
Paris Saint-GermainFWLionel Messi
100%
Manchester UnitedDFLisandro Martínez
100%
Manchester UnitedFWMarcus Rashford
100%
Leicester CityMFNampalys Mendy
100%
Newcastle UnitedGKNick Pope
100%
RomaFWPaulo Dybala
100%
ChelseaFWRaheem Sterling
100%
Atlético MadridMFRodrigo De Paul
100%
Al-SaddDFRó-Ró
100%
LiverpoolDFTrent Alexander-Arnold
100%
NiceMFAaron Ramsey
86%
Newcastle UnitedFWCallum Wilson
86%
ChelseaMFConor Gallagher
86%
Tottenham HotspurDFCristian Romero
86%
BenficaMFEnzo Fernández
86%
BarcelonaMFFrenkie de Jong
86%
Los Angeles FCFWGareth Bale
86%
FulhamMFHarry Wilson
86%
Leicester CityMFJames Maddison
86%
Manchester UnitedDFLuke Shaw
86%
PSV EindhovenFWLuuk de Jong
86%
ChelseaMFMason Mount
86%
Manchester CityDFNathan Aké
86%
LyonDFNicolás Tagliafico
86%
Manchester CityMFPhil Foden
86%
LiverpoolDFVirgil van Dijk
86%
Sheffield UnitedGKAdam Davies
71%
HeerenveenGKAndries Noppert
71%
Atlético MadridFWAntoine Griezmann
71%
Real MadridMFAurélien Tchouaméni
71%
Tottenham HotspurDFBen Davies
71%
Bayern MunichDFBenjamin Pavard
71%
ArsenalDFBen White
71%
SalernitanaFWBoulaye Dia
71%
ChelseaFWChristian Pulisic
71%
FulhamFWDan James
71%
Bayern MunichDFDayot Upamecano
71%
InternazionaleDFDenzel Dumfries
71%
Real MadridMFEduardo Camavinga
71%
Tottenham HotspurGKHugo Lloris
71%
LiverpoolDFIbrahima Konaté
71%
Bayer LeverkusenDFJeremie Frimpong
71%
AjaxDFJurriën Timber
71%
Manchester CityMFKalvin Phillips
71%
Real MadridFWKarim Benzema
71%
NiceGKKasper Schmeichel
71%
Bayern MunichFWKingsley Coman
71%
Paris Saint-GermainFWKylian Mbappé
71%
Bayern MunichDFLucas Hernandez
71%
SevillaMFMarcos Acuña
71%
Borussia MonchengladbachFWMarcus Thuram
71%
Bayern MunichDFMatthijs de Ligt
71%
ArsenalGKMatt Turner
71%
PortoFWMehdi Taremi
71%
BarcelonaFWMemphis Depay
71%
Atlético MadridDFNahuel Molina
71%
BenficaDFNicolás Otamendi
71%
MilanFWOlivier Giroud
71%
BarcelonaFWOusmane Dembélé
71%
NapoliMFPiotr Zieliński
71%
Manchester UnitedDFRaphaël Varane
71%
AjaxGKRemko Pasveer
71%
BarcelonaFWRobert Lewandowski
71%
MilanDFSergiño Dest
71%
InternazionaleDFStefan de Vrij
71%
AjaxMFSteven Berghuis
71%
AjaxFWSteven Bergwijn
71%
AtalantaMFTeun Koopmeiners
71%
MilanDFThéo Hernandez
71%
MonacoMFYoussouf Fofana
71%
JuventusMFAdrien Rabiot
57%
Al-SaddFWAkram Afif
57%
West Ham UnitedGKAlphonse Areola
57%
Atlético MadridFWÁngel Correa
57%
JuventusFWArkadiusz Milik
57%
Leeds UnitedFWBrenden Aaronson
57%
Manchester UnitedMFChristian Eriksen
57%
PSV EindhovenFWCody Gakpo
57%
EvertonDFConor Coady
57%
Los Angeles FCDFDiego Palacios
57%
FenerbahçeFWEnner Valencia
57%
Bayer LeverkusenMFExequiel Palacios
57%
River PlateGKFranco Armani
57%
Real BetisDFGermán Pezzella
57%
Real BetisMFGuido Rodríguez
57%
Swindon TownMFJonny Williams
57%
BarcelonaDFJules Koundé
57%
FeyenoordGKJustin Bijlow
57%
ChelseaDFKalidou Koulibaly
57%
JuventusMFLeandro Paredes
57%
AtalantaMFMarten de Roon
57%
Aston VillaDFMatty Cash
57%
Brighton & Hove AlbionMFMoisés Caicedo
57%
Nottingham ForestDFNeco Williams
57%
SevillaMFPapu Gómez
57%
Brighton & Hove AlbionDFPervis Estupiñán
57%
Eintracht FrankfurtFWRandal Kolo Muani
57%
Wolverhampton WanderersFWRaúl Jiménez
57%
Bayer LeverkusenFWSardar Azmoun
57%
RennesGKSteve Mandanda
57%
SevillaMFThomas Delaney
57%
Manchester UnitedDFTyrell Malacia
57%
Nottingham ForestGKWayne Hennessey
57%
JuventusMFWeston McKennie
57%
ArsenalDFWilliam Saliba
57%
JuventusGKWojciech Szczęsny
57%
RB LeipzigFWYussuf Poulsen
57%
Al-DuhailFWAlmoez Ali
43%
BarcelonaDFAndreas Christensen
43%
FulhamDFAntonee Robinson
43%
Nottingham ForestFWBrennan Johnson
43%
CelticDFCameron Carter-Vickers
43%
Cruz AzulMFCarlos Rodríguez
43%
Nottingham ForestDFCheikhou Kouyaté
43%
BurnleyDFConnor Roberts
43%
AjaxDFDaley Blind
43%
Leicester CityGKDanny Ward
43%
Inter Miami CFDFDeAndre Yedlin
43%
Borussia DortmundFWGiovanni Reyna
43%
AméricaGKGuillermo Ochoa
43%
AntalyasporFWHaji Wright
43%
Stoke CityDFHarry Souttar
43%
NapoliFWHirving Lozano
43%
EvertonMFIdrissa Gueye
43%
WatfordFWIsmaïla Sarr
43%
Aston VillaDFJan Bednarek
43%
Brighton & Hove AlbionMFJeremy Sarmiento
43%
FC DallasFWJesús Ferreira
43%
Crystal PalaceDFJoachim Andersen
43%
AtalantaDFJoakim Mæhle
43%
RennesDFJoe Rodon
43%
AjaxDFJorge Sánchez
43%
Norwich CityFWJosh Sargent
43%
AjaxMFKenneth Taylor
43%
ImbaburaFWKevin Rodríguez
43%
BournemouthFWKieffer Moore
43%
EspanyolFWMartin Braithwaite
43%
MarseilleMFMatteo Guendouzi
43%
VillarealFWNicolas Jackson
43%
Club BruggeFWNoa Lang
43%
MarseilleMFPape Gueye
43%
Tottenham HotspurMFPape Matar Sarr
43%
Bayer LeverkusenDFPiero Hincapié
43%
Tottenham HotspurMFPierre-Emile Højbjerg
43%
BrentfordMFSaman Ghoddos
43%
New York City FCGKSean Johnson
43%
Nashville SCDFShaq Moore
43%
MilanDFSimon Kjær
43%
Atlanta United FCMFThiago Almada
43%
LilleFWTimothy Weah
43%
FulhamDFTim Ream
43%
Leeds UnitedMFTyler Adams
43%
Nashville SCDFWalker Zimmerman
43%
PSV EindhovenMFXavi Simons
43%
ValenciaMFYunus Musah
43%
New York Red BullsDFAaron Long
29%
CelticMFAaron Mooy
29%
RB LeipzigDFAbdou Diallo
29%
RennesGKAlfred Gomis
29%
Club BruggeMFAndreas Skov Olsen
29%
Real BetisMFAndrés Guardado
29%
MonacoDFAxel Disasi
29%
SunderlandDFBailey Wright
29%
MarseilleFWBamba Dieng
29%
AFC WimbledonDFChris Gunter
29%
BournemouthDFChris Mepham
29%
BrentfordMFChristian Nørgaard
29%
BrøndbyDFDaniel Wass
29%
AjaxMFDavy Klaasen
29%
SpeziaDFEthan Ampadu
29%
Luton TownGKEthan Horvath
29%
MilanDFFodé Ballo-Touré
29%
ValladolidMFGonzalo Plata
29%
Al-ShababMFGrzegorz Krychowiak
29%
Birmingham CityMFHannibal Mejbri
29%
Sheffield UnitedFWIliman Ndiaye
29%
Al-DuhailDFIsmaeel Mohammad
29%
SpeziaDFJakub Kiwior
29%
Swansea CityMFJoe Allen
29%
Borussia MonchengladbachDFJoe Scally
29%
VfL WolfsburgFWJonas Wind
29%
MarseilleMFJordan Veretout
29%
BeneventoDFKamil Glik
29%
Charlotte FCFWKarol Świderski
29%
SevillaMFKasper Dolberg
29%
Birmingham CityMFKrystian Bielik
29%
Celta VigoMFLuca de la Torre
29%
BolognaGKŁukasz Skorupski
29%
CopenhagenGKMathew Ryan
29%
BrentfordMFMathias Jensen
29%
Milton Keynes DonsMFMatthew Smith
29%
BrentfordMFMikkel Damsgaard
29%
Al-DuhailFWMohammed Muntari
29%
AnderlechtDFMoussa N'Diaye
29%
Al-HilalMFNasser Al-Dawsari
29%
RomaMFNicola Zalewski
29%
Hertha BSCGKOliver Christensen
29%
Leeds UnitedDFRasmus Kristensen
29%
1899 HoffenheimMFRobert Skov
29%
Al-HilalFWSalem Al-Dawsari
29%
Queens Park RangersGKSeny Dieng
29%
MontpellierFWWahbi Khazri
29%
BeşiktaşFWWout Weghorst
29%
Al-RayyanMFAbdulaziz Hatem
14%
Al-NassrDFAbdullah Madu
14%
BenficaDFAlexander Bah
14%
FeyenoordMFAlireza Jahanbakhsh
14%
CopenhagenFWAndreas Cornelius
14%
Legia WarsawDFArtur Jędrzejczyk
14%
SampdoriaDFBartosz Bereszyński
14%
Swansea CityDFBen Cabango
14%
Heart of MidlothianMFCameron Devlin
14%
MonterreyDFCésar Montes
14%
Seattle Sounders FCMFCristian Roldan
14%
AEK AthensMFDamian Szymański
14%
SalernitanaDFDylan Bronn
14%
Dundee UnitedMFDylan Levitt
14%
1. FC KölnMFEllyes Skhiri
14%
PSV EindhovenMFÉrick Gutiérrez
14%
Union BerlinGKFrederik Rønnow
14%
Al-SaddMFHassan Al-Haydos
14%
Houston Dynamo FCMFHéctor Herrera
14%
Al-GharafaDFHomam Ahmed
14%
MonacoDFIsmail Jakobs
14%
VfL WolfsburgMFJakub Kamiński
14%
Melbourne CityFWJamie Maclaren
14%
Central Coast MarinersFWJason Cummings
14%
TrabzonsporDFJens Stryger Larsen
14%
Eintracht FrankfurtMFJesper Lindstrøm
14%
PortsmouthMFJoe Morrell
14%
Los Angeles FCMFJosé Cifuentes
14%
CopenhagenGKKamil Grabara
14%
Pogoń SzczecinMFKamil Grosicki
14%
St MirrenMFKeanu Baccus
14%
SalernitanaFWKrzysztof Piątek
14%
Heart of MidlothianDFKye Rowles
14%
PachucaMFLuis Chávez
14%
Cardiff CityFWMark Harris
14%
ClermontDFMateusz Wieteska
14%
Lech PoznańMFMichał Skóraś
14%
AEK AthensDFMilad Mohammadi
14%
Fagiano OkayamaFWMitchell Duke
14%
Al-HilalMFMohamed Kanno
14%
Al-HilalGKMohammed Al-Owais
14%
Heart of MidlothianDFNathaniel Atkinson
14%
AméricaDFNéstor Araujo
14%
AEK AthensFWOrbelín Pineda
14%
OlympiacosDFPape Abou Cissé
14%
Rayo VallecanoMFPathé Ciss
14%
LensMFPrzemysław Frankowski
14%
MiddlesboroughMFRiley McGree
14%
FC AugsburgDFRobert Gumny
14%
GuadalajaraFWRoberto Alvarado
14%
Cardiff CityMFRubin Colwill
14%
Al-HilalFWSaleh Al-Shehri
14%
Al-HilalMFSalman Al-Faraj
14%
Al-HilalDFSaud Abdulhamid
14%
FeyenoordMFSebastian Szymański
14%
Huddersfield TownMFSorba Thomas
14%
FiorentinaMFSzymon Żurkowski
14%
Luton TownDFTom Lockyer
14%
AntwerpFWVincent Janssen
14%
Al-SaddDFAbdelkarim Hassan
0%
Al-NassrDFAbdulelah Al-Amri
0%
Al-HilalMFAbdulellah Al-Malki
0%
Al-HilalMFAbdullah Otayf
0%
Al-IttihadFWAbdulrahman Al-Aboud
0%
EsteghlalDFAbolfazl Jalali
0%
Shabab Al-AhliMFAhmad Nourollahi
0%
Al-GharafaFWAhmed Alaeeldin
0%
FerencvárosiMFAïssa Laïdouni
0%
Hellas VeronaMFAjdin Hrustic
0%
TalleresMFAlan Franco
0%
LDU QutioGKAlexander Domínguez
0%
GuadalajaraFWAlexis Vega
0%
JuárezGKAlfredo Talavera
0%
CaenDFAli Abdi
0%
Al-HilalDFAli Al-Bulaihi
0%
Al-NassrMFAli Al-Hassan
0%
Al-SaddMFAli Assadalla
0%
CharleroiMFAli Gholizadeh
0%
KayserisporMFAli Karimi
0%
Al AhlyDFAli Maâloul
0%
PersepolisGKAlireza Beiranvand
0%
PonferradinaGKAmir Abedzadeh
0%
Sydney FCGKAndrew Redmayne
0%
LeónMFÁngel Mena
0%
GenkDFÁngelo Preciado
0%
BrøndbyFWAnis Ben Slimane
0%
Al-DuhailMFAssim Madibo
0%
CádizFWAwer Mabil
0%
CS SfaxienGKAymen Dahmen
0%
Étoile du SahelGKAymen Mathlouthi
0%
Santos LagunaMFAyrton Preciado
0%
Dundee UnitedDFAziz Behich
0%
Al-DuhailDFBassam Al-Rawi
0%
US MonastirGKBechir Ben Saïd
0%
Kuwait SCDFBilel Ifa
0%
Al-SaddDFBoualem Khoukhi
0%
FC AugsburgMFCarlos Gruezo
0%
Adelaide UnitedFWCraig Goodwin
0%
Central Coast MarinersGKDanny Vukovic
0%
Newell's Old BoysFWDjorkaeff Reasco
0%
AEK AthensDFEhsan Hajsafi
0%
AlanyasporFWFamara Diédhiou
0%
Santos LagunaDFFélix Torres
0%
Al-DuhailMFFerjani Sassi
0%
Al-FatehFWFiras Al-Buraikan
0%
BresciaDFFran Karačić
0%
Central Coast MarinersFWGarang Kuol
0%
GenkDFGerardo Arteaga
0%
Espérance de TunisMFGhailene Chaalali
0%
Al-AhliFWHaitham Asiri
0%
Al-ShababDFHassan Al-Tambakti
0%
Al-ShababFWHattan Bahebri
0%
MonterreyDFHéctor Moreno
0%
AucasGKHernán Galíndez
0%
EsteghlalGKHossein Hosseini
0%
Al-Ahli DohaDFHossein Kanaanizadegan
0%
Odense BoldklubFWIssam Jebali
0%
FC St. PauliMFJackson Irvine
0%
TroyesDFJackson Porozo
0%
Al-ArabiMFJassem Gaber
0%
MonterreyDFJesús Gallardo
0%
Odense BoldklubDFJoel King
0%
CremoneseDFJohan Vásquez
0%
Seattle Sounders FCFWJordan Morris
0%
OmoniaFWKarim Ansarifard
0%
Al-DuhailMFKarim Boudiaf
0%
Los Angeles FCMFKellyn Acosta
0%
Al-WakrahFWKhalid Muneer
0%
MonacoMFKrépin Diatta
0%
MonterreyMFLuis Romo
0%
KayserisporDFMajid Hosseini
0%
ReadingMFMamadou Loum
0%
Melbourne CityFWMarco Tilio
0%
Melbourne CityFWMathew Leckie
0%
PersepolisMFMehdi Torabi
0%
Al-SaddGKMeshaal Barsham
0%
Cruz AzulFWMichael Estrada
0%
Columbus CrewDFMiloš Degenek
0%
Espérance de TunisMFMohamed Ali Ben Romdhane
0%
LuzernDFMohamed Dräger
0%
Al-HilalDFMohammed Al-Breik
0%
Al-AhliGKMohammed Al-Rubaie
0%
Al-SaddMFMohammed Waad
0%
Independiente del ValleGKMoisés Ramírez
0%
LorientDFMontassar Talbi
0%
PersepolisDFMorteza Pouraliganji
0%
Al-SaddMFMostafa Meshaal
0%
Club AfricainGKMouez Hassen
0%
PafosDFMoustapha Name
0%
Al-SaddDFMusab Kheder
0%
Club AfricainMFNader Ghandri
0%
Al-RayyanMFNaif Al-Hadhrami
0%
Al-EttifaqFWNaïm Sliti
0%
Al-ShababMFNawaf Al-Abed
0%
Al-NassrGKNawaf Al-Aqidi
0%
SepahanGKPayam Niazmand
0%
SepahanDFRamin Rezaeian
0%
MonterreyFWRegelio Funes Mori
0%
AbdaMFRiyadh Sharahili
0%
São PauloDFRobert Arboleda
0%
LeónGKRodolfa Cota
0%
PachucaMFRomario Ibarra
0%
EsteghlalDFRouzbeh Cheshmi
0%
Al-SaddGKSaad Al-Sheeb
0%
Dinamo ZagrebDFSadegh Moharrami
0%
VejleMFSaeid Ezatolahi
0%
Al-SaddMFSalem Al-Hajri
0%
Al-NassrMFSami Al-Najei
0%
Los Angeles FCMFSebas Méndez
0%
ZamalekFWSeifeddine Jaziri
0%
Al-Ahli DohaDFShojae Khalilzadeh
0%
Al-NassrDFSultan Al-Ghannam
0%
Kuwait SCFWTaha Yassine Khenissi
0%
Al-SaddDFTarek Salman
0%
Albirex NiigataDFThomas Deng
0%
Cruz AzulFWUriel Antuna
0%
PersepolisMFVahid Amiri
0%
GalatasarayDFVictor Nelsson
0%
AtromitosDFWajdi Kechrida
0%
AntwerpDFWillian Pacho
0%
Seattle Sounders FCDFXavier Arreaga
0%
Al-HilalDFYasser Al-Shahrani
0%
Espérance de TunisDFYassine Meriah
0%
Al-GharafaGKYousef Hassan
0%
Al-ArabiFWYoussef Msakni
0%
Real BetisDFYoussouf Sabaly
0%

Score Distribution

Percentile by Number Answered

Percent of People with Each Score

Your Score History

You have not taken this quiz since the last reset